Statistics for Top 15 Countries with Covid-19 Deaths - 27 September

Click here to take the quiz!

General Stats

  • This quiz has been taken 16 times
  • The average score is 15 of 20

Answer Stats

country% Correct
Brazil
100%
France
100%
United Kingdom
100%
United States
100%
Spain
92%
India
85%
Italy
85%
Mexico
85%
Argentina
77%
Chile
77%
Iran
77%
Russia
77%
Colombia
69%
Ecuador
69%
Peru
69%
Belgium
62%
Sweden
62%
South Africa
54%
Bolivia
46%
Panama
46%

Score Distribution

Percentile by Number Answered

Percent of People with Each Score

Your Score History

You have not taken this quiz